[Event "EU Union-ch U10 17th"]
[Site "Mureck"]
[Date "2019.08.06"]
[Round "7"]
[White "Feiertag, Jonas"]
[Black "Stan, Luca Alexandru"]
[Result "0-1"]
[WhiteElo "1161"]
[BlackElo "1171"]
[PlyCount "62"]
[EventDate "2019.07.31"]
[EventType "swiss"]
[EventRounds "9"]
[EventCountry "AUT"]
[SourceTitle "EXT 2020"]
[Source "ChessBase"]
[SourceDate "2019.10.17"]
[SourceVersion "1"]
[SourceVersionDate "2019.10.17"]
[SourceQuality "1"]

1. e4 e5 2. Nf3 Nc6 3. Bc4 Nf6 4. Nc3 Bc5 5. 0-0 0-0 6. d3 h6 7. Be3 Bd4 8. Bxd4 exd4 9. Ne2 d5 10. exd5 Nxd5 11. Nfxd4 Nxd4 12. Nxd4 Be6 13. Nxe6 fxe6 14. Re1 Re8 15. Qg4 Qd6 16. Re2 Re7 17. Rae1 Rae8 18. Re5 c6 19. Qg3 b5 20. Bb3 a5 21. a3 a4 22. Bxd5 exd5 23. Rxe7 Rxe7 24. Rxe7 Qxe7 25. Qe3 Qxe3 26. fxe3 Kf7 27. Kf2 Kf6 28. Kf3 h5 29. h4 Kf5 30. d4 g6 31. b3 b4 0-1